00578nam a2200121Ia 4500008004100000020001800041100003500059245018400094260002700278650009000305650002000395856004100415171212s9999 xx 000 0 und d a9780833048820 aChandra, Anita;Acosta, Joie D. cChandra, Anita;Acosta, Joie D.aThe Role of Nongovernmental Organizations in Long-Term Human Recovery After DisasterbReflections From Louisiana Four Years After Hurricane Katrina bRAND Corporationc2009 aDisaster relief -- Louisiana; Non-governmental organizations; Hurricane Katrina, 2005 aHealth Sciences uwww.jstor.org/stable/10.7249/op277rc